000 00817nam a2200253Ia 4500
999 _c51406
_d51406
001 18391
003 GE_BSU
005 20250410162521.0
008 181216s2007||||enk|||||||||||||| ||eng||
020 _a9780205434626x
040 _cGE_BSU
041 _aeng
080 _a070
100 _aIrby, John.
_924750
245 _aReporting that Matters:
_bPublic Affairs Coverage /
_cJohn Irby, Kenton Bird, Susan English, David Cuillier.
264 _aBoston :
_bPearson,
_c2007.
300 _a320 p.:
_b23 cm.
653 _aპრესა, ჟურნალისტიკა
653 _aრეპორტაჟი
700 _aBird, Kenton
_eავტორი
_924751
700 _aEnglish, Susan
_eავტორი
_924752
700 _aCuillier, David
_eავტორი
_924753
942 _cBK
_2udc